书目信息 |
| 题名: |
广西壮族自治区安装工程消耗量定额
|
|
| 作者: | 广西壮族自治区建设工程造价管理总站 编 | |
| 分册: | 下 常用册 | |
| 出版信息: | 武汉 中国建材工业出版社 2015.07 |
|
| 页数: | 522页 | |
| 开本: | 30cm | |
| 丛书名: | ||
| 单 册: | ||
| 中图分类: | TU723.3 | |
| 科图分类: | ||
| 主题词: | 建筑工程--施工组织 , 建筑工程--施工计划 | |
| 电子资源: | ||
| ISBN: | ||
| 000 | 00902nam0 2200217 450 | |
| 001 | 1640739289 | |
| 005 | 20160505111918.07 | |
| 010 | @dCNY143.00 | |
| 100 | @a20160505d2015 km y0chiy0120 ea | |
| 101 | 0 | @achi |
| 102 | @aCN@b420000 | |
| 200 | 1 | @a广西壮族自治区安装工程消耗量定额@Aguang xi zhuang zu zi zhi qu an zhuang gong cheng xiao hao liang ding e@h下@i常用册@f广西壮族自治区建设工程造价管理总站编@Fguang xi zhuang zu zi zhi qu jian she gong cheng zao jia guan li zong zhan bian |
| 210 | @a武汉@c中国建材工业出版社@d2015.07 | |
| 215 | @a522页@d30cm | |
| 517 | 1 | @a常用册@Achang yong ce |
| 606 | 0 | @a建筑工程@x施工组织 |
| 606 | 0 | @a建筑工程@x施工计划 |
| 690 | @aTU723.3@v4 | |
| 701 | 0 | @a广西壮族自治区建设工程造价管理总站@Aguang xi zhuang zu zi zhi qu jian she gong cheng zao jia guan li zong zhan@4编 |
| 801 | 0 | @aCN@b大连网信软件有限公司图书馆·11@c20160505 |
| 905 | @aZUCC@dTU723.3@eG6762:3 | |
| 广西壮族自治区安装工程消耗量定额.下.常用册/广西壮族自治区建设工程造价管理总站编.-武汉:中国建材工业出版社,2015.07 |
| 522页;30cm |
| ISBN :CNY143.00 |
| ● |
| 相关链接 |
|
|
|
正题名:广西壮族自治区安装工程消耗量定额
索取号:TU723.3/G6762:3
 
预约/预借
| 序号 | 登录号 | 条形码 | 馆藏地/架位号 | 状态 | 备注 |
| 1 | 819976 | 208199769 | 管理学院资料室/ [索取号:TU723.3/G6762:3] | 在馆 |